| 000 | 00728nam a22002055i 4500 | ||
|---|---|---|---|
| 001 | 178475 | ||
| 003 | ES-MaACL | ||
| 005 | 20250902030433.0 | ||
| 008 | 110602s1967 sp |||| | spa d | ||
| 080 | _a347.728.1(460) | ||
| 100 | 1 |
_aCubillo Valverde, Carlos. _9146865 |
|
| 245 | 1 | 0 |
_aRegularización de balances _b: la incorporación de la cuenta al capital / _cpor Carlos Cubillo Valverde. |
| 260 |
_aMadrid : _bICE, _cimp. 1967. |
||
| 300 |
_a280 p. ; _c25 cm. |
||
| 490 | 1 |
_aSelecciones de economía de la empresa ; _v3 |
|
| 650 | 4 |
_aBalances- _zEspaña. _9146866 |
|
| 830 | 0 | 0 |
_aSelecciones de economía de la empresa (ICE) _v3 _9190989 |
| 852 |
_aES-MaACL _jE-15224 _xOlim P-1278 |
||
| 999 |
_c178475 _d178475 |
||